| 000 | 02280nam a22003137a 4500 | ||
|---|---|---|---|
| 005 | 20120203111810.0 | ||
| 010 | _aB-452548-555 | ||
| 020 |
_a8125028463 _c1125.00 |
||
| 020 |
_a9788125028468 _c1125.00 |
||
| 035 | _aB-452548-555 | ||
| 037 | _bVirtuous Pub./Ven | ||
| 082 | _a230.2 | ||
| 100 |
_aChaturvedi,Badrinath _942021 |
||
| 245 |
_aThe Mahabharata : _ban inquiry in the human condition / _cby Badrinath Chaturvedi |
||
| 260 |
_aNew Delhi _bOrient Longman _c2006 |
||
| 270 |
_a1/24 Asaf Ali Road, _bNew Delhi _e110002 |
||
| 300 |
_axi,683p, _c25cm(Hb) |
||
| 500 | _aIncludes index | ||
| 942 |
_2ddc _cEN _mCHA _h230.2 |
||
| 999 |
_c61878 _d61878 |
||